| 000 | 00972nam a22003017a 4500 | ||
|---|---|---|---|
| 001 | 8272 | ||
| 003 | FISKH | ||
| 005 | 20250905161952.0 | ||
| 008 | 250905b cb ||||| |||| 00| 0 eng d | ||
| 020 | _a0439243181 | ||
| 040 |
_aFISKH _beng _cFISKH _dFISKH |
||
| 050 | _aPZ8.A554 B | ||
| 082 | _a529 | ||
| 100 |
_aAppelt, Kathi _d(1954-) |
||
| 245 |
_aBats around the clock / _cBy Kathi Appelt ; Illustrated by Mellissa Sweet |
||
| 250 | _aThis edition first published in 2001 | ||
| 260 |
_aNew York : _bScholastic, _c2000 |
||
| 300 |
_a30 unnumbered pages : _bcolor illustrations ; _c23 cm |
||
| 505 | _aN | ||
| 520 | _aClick Dark hosts a special twelve-hour program of American Batstand where the bats rock and roll until the midnight hour ends. | ||
| 521 | 8 |
_a570
_bLexile |
|
| 521 | 8 |
_aN
_bRaz-Plus |
|
| 650 |
_2Halloween _aTelling time |
||
| 650 |
_2Clocks _aRhyme |
||
| 700 |
_aSweet, Melissa _dillustrator |
||
| 942 |
_2ddc _cBK _n0 |
||
| 999 |
_c8272 _d8272 |
||